[Event "Moscow op-B (Women) 13th"]
[Site "Moscow"]
[Date "2017.02.03"]
[Round "7"]
[White "Shur, Tatiana"]
[Black "Sych, Alina"]
[Result "1-0"]
[WhiteElo "1782"]
[BlackElo "1446"]
[PlyCount "65"]
[EventDate "2017.01.28"]
[EventType "swiss"]
[EventRounds "9"]
[EventCountry "RUS"]
[SourceTitle "EXT 2018"]
[Source "ChessBase"]
[SourceDate "2017.10.13"]
[SourceVersion "1"]
[SourceVersionDate "2017.10.13"]
[SourceQuality "1"]

1. e4 c5 2. Nf3 d6 3. d4 cxd4 4. Nxd4 Nf6 5. Nc3 Nc6 6. Bc4 e6 7. 0-0 Be7 8. Kh1 a6 9. f4 Bd7 10. f5 e5 11. Nb3 b5 12. Bd5 b4 13. Ne2 Qb6 14. Ng3 g6 15. Nd2 Nxd5 16. exd5 Nd4 17. f6 Bd8 18. Nc4 Qc5 19. Ne4 Qxd5 20. Ncxd6+ Kf8 21. Bh6+ Kg8 22. c3 Bc7 23. cxd4 exd4 24. Qb3 Be6 25. Qxd5 Bxd5 26. Rad1 Rd8 27. Rxd4 Bxe4 28. Rxe4 Bxd6 29. Rfe1 Bf8 30. Re8 Rxe8 31. Rxe8 b3 32. axb3 a5 33. Rxf8# 1-0

[Event "Moscow op-B (Women) 13th"]
[Site "Moscow"]
[Date "2017.01.31"]
[Round "4"]
[White "Shur, Tatiana"]
[Black "Filippova, Darya"]
[Result "0-1"]
[WhiteElo "1782"]
[BlackElo "2046"]
[PlyCount "110"]
[EventDate "2017.01.28"]
[EventType "swiss"]
[EventRounds "9"]
[EventCountry "RUS"]
[SourceTitle "EXT 2018"]
[Source "ChessBase"]
[SourceDate "2017.10.13"]
[SourceVersion "1"]
[SourceVersionDate "2017.10.13"]
[SourceQuality "1"]

1. d4 d5 2. Nf3 Nf6 3. e3 g6 4. Bd3 Bg7 5. Ne5 0-0 6. h4 h5 7. Nd2 c5 8. b3 Nc6 9. Ndf3 Ne4 10. 0-0 Bg4 11. Nxg4 hxg4 12. Bxe4 dxe4 13. Ng5 cxd4 14. exd4 Qxd4 15. Rb1 Qxd1 16. Rxd1 Nd4 17. Nxe4 f5 18. Ng3 Rad8 19. Bg5 Rfe8 20. c3 Nc6 21. c4 Nd4 22. h5 Kf7 23. Re1 Rd7 24. Rbd1 e5 25. hxg6+ Kxg6 26. Be3 Red8 27. Bxd4 Rxd4 28. Rxd4 Rxd4 29. Rb1 f4 30. Nf1 Kf5 31. c5 a5 32. g3 Rd3 33. Rc1 Bf6 34. c6 bxc6 35. Rxc6 Bd8 36. gxf4 exf4 37. Rc5+ Ke4 38. Rc4+ Rd4 39. Nd2+ Kd3 40. Rxd4+ Kxd4 41. Nc4 Bc7 42. Kf1 Kc3 43. Ke2 Kc2 44. Ke1 Kb1 45. a3 Kc2 46. b4 a4 47. b5 Kb3 48. b6 Bb8 49. Na5+ Kxa3 50. Nc6 Bd6 51. b7 Kb2 52. Na5 Kc3 53. Nc6 a3 54. b8Q Bxb8 55. Nxb8 a2 0-1

[Event "Samara Region-ch (Women)"]
[Site "Samara"]
[Date "2013.12.22"]
[Round "7"]
[White "Strezhneva, Ekaterina"]
[Black "Shur, Tatiana"]
[Result "1-0"]
[WhiteElo "1660"]
[BlackElo "1807"]
[PlyCount "148"]
[EventDate "2013.12.16"]
[EventType "tourn"]
[EventRounds "9"]
[EventCountry "RUS"]
[EventCategory "1"]
[SourceTitle "CBM 158 Extra"]
[Source "ChessBase"]
[SourceDate "2014.02.28"]
[SourceVersion "1"]
[SourceVersionDate "2014.02.28"]
[SourceQuality "1"]

1. d4 d5 2. c4 e6 3. Nc3 c6 4. e3 Nf6 5. Bd2 Nbd7 6. cxd5 exd5 7. Bd3 Bd6 8. Nge2 0-0 9. 0-0 Ne4 10. Nxe4 dxe4 11. Bxe4 Qh4 12. f4 Nf6 13. Be1 Qh6 14. Bf3 Re8 15. Qd3 Bg4 16. Bg3 Re7 17. e4 Bxf3 18. gxf3 Rae8 19. Rf2 Bc7 20. Rg2 Bb6 21. Bf2 Nd5 22. f5 Nb4 23. Qb3 Nd5 24. e5 Rd7 25. f6 g6 26. Rg4 Nxf6 27. Be3 Nxg4 28. Bxh6 Nxh6 29. Kh1 Nf5 30. Re1 Rd5 31. Nc3 Rxd4 32. Ne4 Kg7 33. Ng5 Rd5 34. f4 Nd4 35. Qh3 h5 36. Ne4 Re7 37. Nf6 Rd8 38. Rg1 Ne6 39. Nxh5+ Kf8 40. Nf6 Rc7 41. Rf1 Rcc8 42. Ne4 Ke7 43. Qh4+ Kd7 44. Rd1+ Kc7 45. Qe7+ Kb8 46. Rxd8 Rxd8 47. Nd6 Bc7 48. Qxf7 Bxd6 49. exd6 Rxd6 50. Qe8+ Nd8 51. Qe5 Kc7 52. f5 gxf5 53. Qxf5 Rd5 54. Qf4+ Kd7 55. h4 b5 56. Qg4+ Ne6 57. h5 Rg5 58. Qd1+ Rd5 59. Qf3 Ng5 60. Qg4+ Kd6 61. h6 Kc5 62. Kh2 a5 63. Kg3 Nh7 64. Qe4 Ng5 65. Qe3+ Kd6 66. Kg4 Nh7 67. Qf4+ Kc5 68. Qf7 Rd4+ 69. Kh5 Rd5+ 70. Kg6 Ng5 71. Qe7+ Kc4 72. Qxg5 Rxg5+ 73. Kxg5 b4 74. h7 b3 1-0

[Event "Samara Region-ch (Women)"]
[Site "Samara"]
[Date "2013.12.19"]
[Round "4"]
[White "Gutkovich, Polina"]
[Black "Shur, Tatiana"]
[Result "0-1"]
[WhiteElo "1595"]
[BlackElo "1807"]
[PlyCount "68"]
[EventDate "2013.12.16"]
[EventType "tourn"]
[EventRounds "9"]
[EventCountry "RUS"]
[EventCategory "1"]
[SourceTitle "CBM 158 Extra"]
[Source "ChessBase"]
[SourceDate "2014.02.28"]
[SourceVersion "1"]
[SourceVersionDate "2014.02.28"]
[SourceQuality "1"]

1. e4 c5 2. Nf3 Nc6 3. c3 e5 4. d4 cxd4 5. cxd4 exd4 6. Nxd4 Bb4+ 7. Nc3 Nf6 8. Nxc6 bxc6 9. Qd4 Qe7 10. f3 d5 11. Bg5 c5 12. Bb5+ Kf8 13. Qd2 d4 14. 0-0-0 h6 15. Bxf6 gxf6 16. Kb1 Be6 17. Bc6 Rb8 18. Qf4 Rb6 19. Nd5 Bxd5 20. Bxd5 Qe5 21. Qg4 Ke7 22. Qg7 Rf8 23. Qxh6 Bc3 24. b3 c4 25. Bxc4 Qc5 26. Bd5 a5 27. Qc1 a4 28. Rhe1 axb3 29. Bxb3 Ra8 30. Re2 Rxb3+ 31. axb3 Ra1+ 32. Kc2 Bb4+ 33. Kb2 Rxc1 34. Rxc1 Ba3+ 0-1

[Event "Samara Polugaevsky Memorial 2nd"]
[Site "Samara"]
[Date "2012.07.08"]
[Round "4"]
[White "Smetanov, Nikolay"]
[Black "Shur, Tatiana"]
[Result "1-0"]
[WhiteElo "2095"]
[BlackElo "1794"]
[PlyCount "43"]
[EventDate "2012.07.05"]
[EventType "swiss"]
[EventRounds "9"]
[EventCountry "RUS"]
[SourceTitle "CBM 149 Extra"]
[Source "ChessBase"]
[SourceDate "2012.08.24"]
[SourceVersion "1"]
[SourceVersionDate "2012.08.24"]
[SourceQuality "1"]

1. e4 c5 2. Nc3 Nc6 3. f4 e5 4. fxe5 Nxe5 5. Nf3 Bd6 6. Be2 Nxf3+ 7. Bxf3 Qh4+ 8. g3 Bxg3+ 9. hxg3 Qxg3+ 10. Ke2 Ne7 11. Qg1 Qe5 12. Qh2 Qe6 13. d3 d5 14. Nb5 Kf8 15. Nc7 Qf6 16. Nxa8 dxe4 17. Bxe4 g6 18. Rf1 Bg4+ 19. Ke1 Qe6 20. Nc7 Qd7 21. Bh6+ Kg8 22. Qe5 1-0

[Event "Samara Polugaevsky Memorial 1st"]
[Site "Samara"]
[Date "2011.07.11"]
[Round "7"]
[White "Shur, Tatiana"]
[Black "Mokshanov, Igor"]
[Result "1-0"]
[WhiteElo "1725"]
[BlackElo "1917"]
[PlyCount "61"]
[EventDate "2011.07.05"]
[EventType "swiss"]
[EventRounds "9"]
[EventCountry "RUS"]
[SourceTitle "CBM 143 Extra"]
[Source "ChessBase"]
[SourceDate "2011.08.29"]
[SourceVersion "1"]
[SourceVersionDate "2011.08.29"]
[SourceQuality "1"]

1. d4 d5 2. Nf3 Nf6 3. e3 e6 4. c4 Be7 5. Nc3 0-0 6. Bd2 b6 7. cxd5 Nxd5 8. Rc1 Bb7 9. Bd3 Nd7 10. Nxd5 Bxd5 11. Qc2 g6 12. e4 Bb7 13. Qxc7 Qc8 14. 0-0 Rd8 15. Qg3 Qb8 16. Bf4 e5 17. Nxe5 Bd6 18. Nxg6 Bxf4 19. Nxf4+ Kh8 20. Nh5 Rg8 21. Qxb8 Raxb8 22. Rc7 Rg5 23. Rxd7 Rxh5 24. Rxf7 Rg5 25. f4 Rg6 26. d5 Bc8 27. e5 Rg4 28. Bf5 Rh4 29. d6 Ba6 30. Rc1 Rxf4 31. e6 1-0

[Event "Samara Polugaevsky Memorial 1st"]
[Site "Samara"]
[Date "2011.07.10"]
[Round "6"]
[White "Neverov, Vladimir"]
[Black "Shur, Tatiana"]
[Result "0-1"]
[WhiteElo "1851"]
[BlackElo "1725"]
[PlyCount "76"]
[EventDate "2011.07.05"]
[EventType "swiss"]
[EventRounds "9"]
[EventCountry "RUS"]
[SourceTitle "CBM 143 Extra"]
[Source "ChessBase"]
[SourceDate "2011.08.29"]
[SourceVersion "1"]
[SourceVersionDate "2011.08.29"]
[SourceQuality "1"]

1. e4 e5 2. Nf3 Nc6 3. Bc4 Bc5 4. d3 d6 5. Nc3 Bg4 6. Be3 Nf6 7. Bxc5 dxc5 8. Qd2 Bxf3 9. gxf3 Nd4 10. Qd1 Qd7 11. h4 Nh5 12. Nd5 c6 13. Ne3 b5 14. Bb3 a5 15. Ng4 f6 16. c4 Nf4 17. cxb5 Nxb3 18. bxc6 Qxc6 19. Qxb3 Rd8 20. 0-0-0 a4 21. Qa3 0-0 22. Rd2 Qb5 23. Rhd1 Rd4 24. Ne3 Rfd8 25. Kc2 Ne6 26. Nd5 Rb4 27. Kb1 Qb7 28. Rc2 Rb8 29. Nxb4 cxb4 30. Qxa4 Nd4 31. Rc4 Nxf3 32. Qb3 Kh8 33. h5 h6 34. Ka1 Nd4 35. Qa4 Ra8 36. Rxb4 Nc2+ 37. Qxc2 Qxb4 38. Kb1 Qb7 0-1

[Event "RUS-chT U20"]
[Site "Rybinsk"]
[Date "2010.08.03"]
[Round "2"]
[White "Shur, Tatiana"]
[Black "Severina, Maria"]
[Result "1/2-1/2"]
[WhiteElo "1605"]
[BlackElo "2016"]
[PlyCount "81"]
[EventDate "2010.08.02"]
[EventType "team-swiss"]
[EventRounds "9"]
[EventCountry "RUS"]
[SourceTitle "EXT 2011"]
[Source "ChessBase"]
[SourceDate "2010.11.26"]
[SourceVersion "1"]
[SourceVersionDate "2010.11.26"]
[SourceQuality "1"]

1. d4 Nf6 2. Nf3 e6 3. Nbd2 d5 4. e3 c5 5. c3 Bd6 6. Bd3 Nbd7 7. 0-0 Qc7 8. e4 dxe4 9. Nxe4 Nxe4 10. Bxe4 Nf6 11. Bc2 h6 12. Re1 Bd7 13. d5 0-0 14. dxe6 Bxe6 15. h3 Rad8 16. Qe2 Rfe8 17. Be3 a6 18. a4 Qc6 19. Rad1 Bd5 20. Rd2 Bf4 21. Bxf4 Rxe2 22. Rexe2 Qc8 23. Ne5 Be6 24. Rxd8+ Qxd8 25. Rd2 Qc8 26. c4 Bf5 27. Bd1 Ne4 28. Re2 g5 29. Be3 Qc7 30. Ng4 Kg7 31. Bc2 Nd6 32. Bd2 f6 33. Bc3 Bxc2 34. Nxf6 Kf7 35. Rxc2 Nxc4 36. Re2 Nb6 37. Ng4 Qd6 38. Ne5+ Kg8 39. Rd2 Nd5 40. b3 Qe6 41. Bb2 1/2-1/2

[Event "Samara op"]
[Site "Samara"]
[Date "2010.07.24"]
[Round "2"]
[White "Emeljanov, Vadim"]
[Black "Shur, Tatiana"]
[Result "1-0"]
[WhiteElo "2090"]
[BlackElo "1583"]
[PlyCount "88"]
[EventDate "2010.07.23"]
[EventType "swiss"]
[EventRounds "9"]
[EventCountry "RUS"]
[SourceTitle "EXT 2011"]
[Source "ChessBase"]
[SourceDate "2010.11.26"]
[SourceVersion "1"]
[SourceVersionDate "2010.11.26"]
[SourceQuality "1"]

1. d4 d5 2. c4 e6 3. Nf3 c6 4. g3 dxc4 5. Bg2 Nf6 6. Ne5 Bb4+ 7. Kf1 0-0 8. Nxc4 Nbd7 9. a3 Be7 10. Bf3 c5 11. Nc3 cxd4 12. Qxd4 Nc5 13. Qxd8 Rxd8 14. Na5 Nd5 15. Nxd5 exd5 16. b4 Bf6 17. Ra2 Ne4 18. Kg2 b6 19. Nb3 Be6 20. Bb2 Nc3 21. Raa1 Rac8 22. e3 Rc7 23. Rac1 Rdc8 24. Rc2 Ne4 25. Rxc7 Rxc7 26. Bxf6 Nxf6 27. Rc1 Rxc1 28. Nxc1 Ne4 29. Bxe4 dxe4 30. Ne2 Kf8 31. Nc3 f5 32. g4 fxg4 33. Kg3 Ke7 34. Kf4 Kd6 35. Kxe4 g6 36. Nb5+ Kd7 37. Ke5 a6 38. Nc3 Bf7 39. Nd5 Kc6 40. Nc3 a5 41. Kf6 axb4 42. axb4 Be8 43. Ke7 Bd7 44. b5+ Kc5 1-0

[Event "Samara-ch"]
[Site "Samara"]
[Date "2010.04.27"]
[Round "7"]
[White "Shur, Tatiana"]
[Black "Kalugin, Yury"]
[Result "0-1"]
[WhiteElo "1583"]
[BlackElo "1975"]
[PlyCount "60"]
[EventDate "2010.04.21"]
[EventType "swiss"]
[EventRounds "9"]
[EventCountry "RUS"]
[SourceTitle "EXT 2012"]
[Source "ChessBase"]
[SourceDate "2011.11.24"]
[SourceVersion "1"]
[SourceVersionDate "2011.11.24"]
[SourceQuality "1"]

1. d4 d5 2. Nf3 c5 3. c3 Nc6 4. dxc5 e5 5. b4 e4 6. Nd4 Ne5 7. e3 Bd7 8. Nd2 Qc7 9. Bb2 Nf6 10. c4 b6 11. cxb6 Qxb6 12. a3 a5 13. cxd5 axb4 14. axb4 Rxa1 15. Qxa1 Bxb4 16. Qa8+ Ke7 17. Qa1 Rc8 18. N4b3 Neg4 19. Be2 Nxd5 20. Bxg4 Nxe3 21. Bd4 Nc2+ 22. Kf1 Nxa1 23. Bxb6 Nxb3 24. Nxb3 Bxg4 25. h3 Be6 26. Ke2 Rc2+ 27. Ke3 Bxb3 28. Ra1 Ke6 29. Ra6 Bc4 30. Ra8 Bb5 0-1

[Event "Samara-ch"]
[Site "Samara"]
[Date "2010.04.26"]
[Round "6"]
[White "Mokshanov, Igor"]
[Black "Shur, Tatiana"]
[Result "1-0"]
[WhiteElo "1901"]
[BlackElo "1583"]
[PlyCount "67"]
[EventDate "2010.04.21"]
[EventType "swiss"]
[EventRounds "9"]
[EventCountry "RUS"]
[SourceTitle "EXT 2012"]
[Source "ChessBase"]
[SourceDate "2011.11.24"]
[SourceVersion "1"]
[SourceVersionDate "2011.11.24"]
[SourceQuality "1"]

1. e4 c5 2. Nf3 Nc6 3. Bb5 g6 4. Bxc6 dxc6 5. d3 Bg7 6. h3 Nf6 7. Nc3 0-0 8. Be3 c4 9. dxc4 Be6 10. Qe2 Nd7 11. Nd4 Qa5 12. 0-0 Nc5 13. a3 Qa6 14. Nxe6 Nxe6 15. f4 Rad8 16. e5 Nd4 17. Bxd4 Rxd4 18. b3 Rfd8 19. Ne4 f5 20. Nc5 Qb6 21. b4 Rd2 22. Qf3 a5 23. Qc3 axb4 24. axb4 Re2 25. Rfd1 Rxd1+ 26. Rxd1 Re4 27. g3 g5 28. Kf1 gxf4 29. Nxe4 fxe4 30. gxf4 c5 31. bxc5 Qh6 32. Qg3 Qa6 33. Kf2 Qxc4 34. Qb3 1-0

[Event "Privolzhskogo FO-ch (Women)"]
[Site "Izhevsk"]
[Date "2010.01.08"]
[Round "8"]
[White "Shur, Tatiana"]
[Black "Kostitsina, Liubov"]
[Result "0-1"]
[WhiteElo "1583"]
[BlackElo "1869"]
[PlyCount "88"]
[EventDate "2010.01.04"]
[EventType "swiss"]
[EventRounds "9"]
[EventCountry "RUS"]
[SourceTitle "CBM 134 Extra"]
[Source "ChessBase"]
[SourceDate "2010.03.03"]
[SourceVersion "1"]
[SourceVersionDate "2010.03.03"]
[SourceQuality "1"]

1. e4 c5 2. Nf3 d6 3. c3 Nf6 4. Be2 Nc6 5. d4 cxd4 6. cxd4 Nxe4 7. 0-0 d5 8. Re1 e6 9. Nc3 Bb4 10. Qb3 Qa5 11. Rd1 Bxc3 12. bxc3 Qxc3 13. Qb1 0-0 14. Rd3 Qa5 15. Bd2 Nxd2 16. Nxd2 e5 17. Nb3 Qc7 18. dxe5 Bf5 19. Qd1 Bxd3 20. Bxd3 Qxe5 21. Rc1 Rfe8 22. Nc5 Nb4 23. Bb5 Re7 24. Nd3 Nxd3 25. Bxd3 Rae8 26. Qc2 g6 27. g3 a6 28. h4 Re6 29. Qd2 Rc6 30. Rb1 Qc3 31. Qd1 Rce6 32. Qf3 Re1+ 33. Rxe1 Qxe1+ 34. Kg2 Qe5 35. Qg4 b5 36. a4 d4 37. axb5 axb5 38. Qd7 Rb8 39. h5 Qxh5 40. Qxd4 Qg5 41. Qd7 b4 42. Bc4 Qf5 43. Qc7 Re8 44. Qb6 Qe4+ 0-1

[Event "Privolzhskogo FO-ch (Women)"]
[Site "Izhevsk"]
[Date "2010.01.04"]
[Round "1"]
[White "Shur, Tatiana"]
[Black "Pershina, Elena"]
[Result "1/2-1/2"]
[WhiteElo "1583"]
[BlackElo "1993"]
[PlyCount "101"]
[EventDate "2010.01.04"]
[EventType "swiss"]
[EventRounds "9"]
[EventCountry "RUS"]
[SourceTitle "CBM 134 Extra"]
[Source "ChessBase"]
[SourceDate "2010.03.03"]
[SourceVersion "1"]
[SourceVersionDate "2010.03.03"]
[SourceQuality "1"]

1. d4 Nf6 2. c4 c5 3. e3 g6 4. Nc3 Bg7 5. Nf3 cxd4 6. exd4 0-0 7. Be2 d5 8. cxd5 Nxd5 9. 0-0 Nc6 10. Nxd5 Qxd5 11. Be3 b6 12. Rc1 Bb7 13. Bc4 Qd7 14. Qd2 Rac8 15. Bh6 Na5 16. Bxg7 Kxg7 17. Be2 Qd5 18. b3 e6 19. Qe3 Rfd8 20. Qe5+ f6 21. Qe3 Qe4 22. b4 Qxe3 23. fxe3 Nc6 24. a3 Ne7 25. Bc4 Rd6 26. Bb5 a6 27. Ba4 Bc6 28. Bb3 Rcd8 29. Nd2 b5 30. Ba2 Nf5 31. Rc3 e5 32. Nb3 exd4 33. exd4 h5 34. Bb1 Bd7 35. Bxf5 Bxf5 36. Rfc1 Be6 37. Rc7+ Kh6 38. Nc5 Bd5 39. Re1 Ra8 40. Ree7 a5 41. h4 g5 42. hxg5+ Kxg5 43. Red7 Rxd7 44. Nxd7 Be6 45. d5 Bxd7 46. Rxd7 axb4 47. axb4 Ra4 48. d6 Rxb4 49. Rd8 Rd4 50. d7 Kf5 51. Rh8 1/2-1/2

[Event "Samara-ch (Women)"]
[Site "Samara"]
[Date "2009.12.11"]
[Round "6"]
[White "Shur, Tatiana"]
[Black "Gorbatova, Antonina"]
[Result "1-0"]
[WhiteElo "1528"]
[BlackElo "1792"]
[PlyCount "117"]
[EventDate "2009.12.06"]
[EventType "tourn"]
[EventRounds "9"]
[EventCountry "RUS"]
[SourceTitle "EXT 2012"]
[Source "ChessBase"]
[SourceDate "2011.11.24"]
[SourceVersion "1"]
[SourceVersionDate "2011.11.24"]
[SourceQuality "1"]

1. e4 c5 2. f4 e6 3. Nf3 Nc6 4. Be2 Nge7 5. 0-0 d5 6. d3 Qb6 7. Kh1 dxe4 8. dxe4 Bd7 9. Nbd2 Nc8 10. Bc4 Nd6 11. Bb3 Na5 12. e5 c4 13. exd6 cxb3 14. axb3 Rc8 15. Ne5 Bxd6 16. Ndc4 Nxc4 17. Nxc4 Rxc4 18. bxc4 a6 19. Be3 Qc7 20. c3 0-0 21. c5 Be7 22. Bd4 f6 23. b4 Bc6 24. Qe2 Qd7 25. Rae1 e5 26. fxe5 f5 27. Qc4+ Bd5 28. e6 Qc6 29. Qe2 Be4 30. Qa2 Bd5 31. Qf2 Be4 32. Qg3 g6 33. Rxe4 Qxe4 34. Re1 Qc6 35. Qe5 Bf6 36. Qd6 Bg5 37. e7 Re8 38. Qe5 Rxe7 39. Qh8+ Kf7 40. Qxh7+ Ke8 41. Rxe7+ Bxe7 42. Qg8+ Kd7 43. c4 Qe4 44. Qd5+ Kc7 45. h3 Qe1+ 46. Kh2 f4 47. Qe5+ Qxe5 48. Bxe5+ Kc6 49. Bxf4 a5 50. bxa5 Kxc5 51. Kg3 Kxc4 52. Kg4 Kd5 53. h4 Ke6 54. Bg5 Bb4 55. Bd8 Bd2 56. Bc7 Kf6 57. Kf3 Be1 58. Ke4 Bxh4 59. Bd8+ 1-0

[Event "Samara-ch (Women)"]
[Site "Samara"]
[Date "2009.12.08"]
[Round "3"]
[White "Frolova, Lubov"]
[Black "Shur, Tatiana"]
[Result "0-1"]
[WhiteElo "1715"]
[BlackElo "1528"]
[PlyCount "62"]
[EventDate "2009.12.06"]
[EventType "tourn"]
[EventRounds "9"]
[EventCountry "RUS"]
[SourceTitle "EXT 2012"]
[Source "ChessBase"]
[SourceDate "2011.11.24"]
[SourceVersion "1"]
[SourceVersionDate "2011.11.24"]
[SourceQuality "1"]

1. Nf3 d5 2. d4 c5 3. c3 Nc6 4. Bf4 Nf6 5. Ne5 e6 6. Nxc6 bxc6 7. e3 Qb6 8. Qc2 Bd7 9. Nd2 cxd4 10. exd4 c5 11. Be5 Ng4 12. Be2 Nxe5 13. dxe5 g6 14. Rb1 Bg7 15. f4 Bc6 16. Bf3 c4 17. Ke2 Rc8 18. h4 h5 19. Rhd1 Qa5 20. Ra1 Ba4 21. b3 cxb3 22. axb3 Rxc3 23. Qb1 Bb5+ 24. Ke1 Qb6 25. Nf1 0-0 26. Be2 Bxe2 27. Kxe2 Rxb3 28. Qc1 Rb8 29. Rd3 Qb5 30. Qe3 Rxd3 31. Qxd3 Qb2+ 0-1

[Event "Samara-ch"]
[Site "Samara"]
[Date "2009.04.28"]
[Round "8"]
[White "Shur, Tatiana"]
[Black "Kruglov, Arkady"]
[Result "1-0"]
[WhiteElo "1526"]
[BlackElo "1994"]
[PlyCount "55"]
[EventDate "2009.04.07"]
[EventType "swiss"]
[EventRounds "9"]
[EventCountry "RUS"]
[SourceTitle "EXT 2012"]
[Source "ChessBase"]
[SourceDate "2011.11.24"]
[SourceVersion "1"]
[SourceVersionDate "2011.11.24"]
[SourceQuality "1"]

1. d4 Nf6 2. c4 b6 3. Nc3 Bb7 4. Nf3 e6 5. Bg5 Be7 6. e3 h6 7. Bh4 d6 8. Rc1 Nbd7 9. Bd3 d5 10. 0-0 dxc4 11. Bxc4 0-0 12. Bg3 Nh5 13. Be5 Nxe5 14. Nxe5 Nf6 15. Qb3 Nd5 16. Rfe1 c5 17. e4 Nxc3 18. bxc3 cxd4 19. Bxe6 fxe6 20. Qxe6+ Kh7 21. cxd4 Qd6 22. Qg4 Bg5 23. Rcd1 Rf4 24. Qg3 Raf8 25. Nf3 Bh4 26. e5 Bxg3 27. exd6 Bxh2+ 28. Kxh2 1-0